<?xml version="1.0" encoding="UTF-8"?><?xml-stylesheet type="text/xsl" href="static/style.xsl"?><OAI-PMH xmlns="http://www.openarchives.org/OAI/2.0/" xmlns:xsi="http://www.w3.org/2001/XMLSchema-instance" xsi:schemaLocation="http://www.openarchives.org/OAI/2.0/ http://www.openarchives.org/OAI/2.0/OAI-PMH.xsd"><responseDate>2026-06-06T03:55:49Z</responseDate><request verb="GetRecord" identifier="oai:riuma.uma.es:10630/41471" metadataPrefix="marc">https://riuma.uma.es/rest/oai/request</request><GetRecord><record><header><identifier>oai:riuma.uma.es:10630/41471</identifier><datestamp>2026-02-03T11:32:06Z</datestamp><setSpec>com_10630_2254</setSpec><setSpec>col_10630_37953</setSpec></header><metadata><record xmlns="http://www.loc.gov/MARC21/slim" xmlns:dcterms="http://purl.org/dc/terms/" xmlns:doc="http://www.lyncode.com/xoai" xmlns:xsi="http://www.w3.org/2001/XMLSchema-instance" xsi:schemaLocation="http://www.loc.gov/MARC21/slim http://www.loc.gov/standards/marcxml/schema/MARC21slim.xsd">
   <leader>00925njm 22002777a 4500</leader>
   <datafield ind2=" " ind1=" " tag="042">
      <subfield code="a">dc</subfield>
   </datafield>
   <datafield ind2=" " ind1=" " tag="720">
      <subfield code="a">Domínguez González, José Antonio</subfield>
      <subfield code="e">author</subfield>
   </datafield>
   <datafield ind2=" " ind1=" " tag="720">
      <subfield code="a">Morales-Sánchez, Verónica Odilia</subfield>
      <subfield code="e">author</subfield>
   </datafield>
   <datafield ind2=" " ind1=" " tag="720">
      <subfield code="a">Sanchez García, Carolina</subfield>
      <subfield code="e">author</subfield>
   </datafield>
   <datafield ind2=" " ind1=" " tag="720">
      <subfield code="a">Hernández-Mendo, Antonio</subfield>
      <subfield code="e">author</subfield>
   </datafield>
   <datafield ind2=" " ind1=" " tag="720">
      <subfield code="a">Reigal-Garrido, Rafael Enrique</subfield>
      <subfield code="e">author</subfield>
   </datafield>
   <datafield ind2=" " ind1=" " tag="260">
      <subfield code="c">2025-11-26</subfield>
   </datafield>
   <datafield ind2=" " ind1=" " tag="520">
      <subfield code="a">The motivational climate created by coaches influences athletes’ experiences of flow. Achievement goal orientations may help explain this relationship, acting as a key link between empowering or disempowering climates and athletes’ flow states. The purpose of this research was to analyse the mediating effect of motivational orientation (task and ego) on the relationships between empowering/disempowering motivational climate and the state of flow in a sample of young footballers. An associative and explanatory design was used to analyse the extent to which the athletes’ motivational orientation explained the association between the motivational climate created by the coaches and the state of flow. A total of 328 male adolescents, aged between 14 and 18 years (M = 15.83; SD = 1.38), who were affiliated with football teams in the city of Málaga (Spain) participated. Mediation analyses were performed using Model 4 of SPSS PROCESS v.4.1 software to test the indirect effects of motivational climate on flow through achievement goal orientations. The analyses highlighted statistically significant and positive relationships between the empowering climate and task-oriented motivation, as well as between the disempowering climate and ego-oriented motivation. Additionally, task orientation was more strongly associated with the state of flow and played a partial mediating role between the empowering climate and the state of flow. The results underscore the importance of promoting empowering climates in sports contexts due to their relationship with the promotion of task-oriented motivations and their impact on athletes’ states of flow.</subfield>
   </datafield>
   <datafield ind1="8" ind2=" " tag="024">
      <subfield code="a">Domínguez González, J. A., Morales Sánchez, V., Sánchez García, C., Hernández Mendo, A., &amp; Reigal Garrido, R. E. (2025). The mediating role of achievement goal orientations on the associations between empowering/disempowering climates and the state of flow in young soccer players. International Journal of Sports Science &amp; Coaching, 17479541251395894.</subfield>
   </datafield>
   <datafield ind1="8" ind2=" " tag="024">
      <subfield code="a">https://hdl.handle.net/10630/41471</subfield>
   </datafield>
   <datafield ind1="8" ind2=" " tag="024">
      <subfield code="a">10.1177/17479541251395894</subfield>
   </datafield>
   <datafield tag="653" ind2=" " ind1=" ">
      <subfield code="a">Futbolistas - Aspectos psicológicos</subfield>
   </datafield>
   <datafield tag="653" ind2=" " ind1=" ">
      <subfield code="a">Psicología del deporte</subfield>
   </datafield>
   <datafield ind2="0" ind1="0" tag="245">
      <subfield code="a">The mediating role of achievement goal orientations on the associations between empowering/disempowering climates and the state of flow in young soccer players</subfield>
   </datafield>
</record>
</metadata></record></GetRecord></OAI-PMH>